Experimental N.P.K fertilizer effecting by other lever on rubber plant at chup rubber plantation ការពសោធន៍ឥទ្ធិពលជី អ៊ិន.ប៉េ.កា តាមកំរិតផ្សេងៗគ្នាលើដំណាំកៅស៊ូនៅចំកាកៅស៊ូជុប (Record no. 494)

000 -LEADER
fixed length control field 00674nam a22001577a 4500
003 - CONTROL NUMBER IDENTIFIER
control field OSt
005 - DATE AND TIME OF LATEST TRANSACTION
control field 20150915140002.0
008 - FIXED-LENGTH DATA ELEMENTS--GENERAL INFORMATION
fixed length control field 150915b xxu||||| |||| 00| 0 eng d
040 ## - CATALOGING SOURCE
Transcribing agency RUA
082 ## - DEWEY DECIMAL CLASSIFICATION NUMBER
Classification number AGR TOU 2002 B028 Or.1
100 ## - MAIN ENTRY--PERSONAL NAME
9 (RLIN) 514
Personal name TOUCH, SOPHORN.
245 ## - TITLE STATEMENT
Title Experimental N.P.K fertilizer effecting by other lever on rubber plant at chup rubber plantation ការពសោធន៍ឥទ្ធិពលជី អ៊ិន.ប៉េ.កា តាមកំរិតផ្សេងៗគ្នាលើដំណាំកៅស៊ូនៅចំកាកៅស៊ូជុប
260 ## - PUBLICATION, DISTRIBUTION, ETC. (IMPRINT)
Place of publication, distribution, etc. Phnom Penh
Name of publisher, distributor, etc. RUA
Date of publication, distribution, etc. 2002
300 ## - PHYSICAL DESCRIPTION
Extent 42p.
Other physical details ill.
Dimensions 29cm.
942 ## - ADDED ENTRY ELEMENTS (KOHA)
Source of classification or shelving scheme
Koha item type AGR
Holdings
Price effective from Date last seen Permanent Location Not for loan Date acquired Source of classification or shelving scheme Koha item type Lost status Withdrawn status Total Renewals Date last checked out Total Checkouts Shelving location Damaged status Barcode Current Location Full call number
2015-09-152025-11-10Library Block B 2015-09-15 AGR  22025-10-274B028 RUA002898Library Block BAGR TOU 2002 B028 Or.1
2015-09-152015-09-15Library Block B 2015-09-15 AGR     B028 RUA002545Library Block BAGR TOU 2002 B028 Or.2
2015-09-152015-09-15Library Block B 2015-09-15 AGR     B028 RUA002994Library Block BAGR TOU 2002 B028 Or.3
មជ្ឈមណ្ឌលឯការនៃសាកលវិទ្យាល័យភូមិន្ទកសិកម្មចំការដូង

Powered by Koha